<?xml version="1.0" encoding="UTF-8"?>
<record
    xmlns:xsi="http://www.w3.org/2001/XMLSchema-instance"
    xsi:schemaLocation="http://www.loc.gov/MARC21/slim http://www.loc.gov/standards/marcxml/schema/MARC21slim.xsd"
    xmlns="http://www.loc.gov/MARC21/slim">

  <leader>00944nam2a22002651  4500</leader>
  <controlfield tag="001">rc\517986</controlfield>
  <controlfield tag="005">20250621165818.0</controlfield>
  <datafield tag="010" ind1=" " ind2=" ">
    <subfield code="a">5-235-01623-8</subfield>
    <subfield code="9">70000</subfield>
  </datafield>
  <datafield tag="035" ind1=" " ind2=" ">
    <subfield code="a">(NLR Aleph) 005817794</subfield>
  </datafield>
  <datafield tag="090" ind1=" " ind2=" ">
    <subfield code="a">5448110</subfield>
    <subfield code="c">5448110</subfield>
  </datafield>
  <datafield tag="100" ind1=" " ind2=" ">
    <subfield code="a">20030616d1990    |||y0rusy50      ca</subfield>
  </datafield>
  <datafield tag="101" ind1="0" ind2=" ">
    <subfield code="a">rus</subfield>
  </datafield>
  <datafield tag="102" ind1=" " ind2=" ">
    <subfield code="a">RU</subfield>
  </datafield>
  <datafield tag="105" ind1=" " ind2=" ">
    <subfield code="a">a   |||||||||</subfield>
  </datafield>
  <datafield tag="200" ind1="0" ind2=" ">
    <subfield code="a">&#x412;&#x44B;&#x43F;. 3</subfield>
    <subfield code="f">[&#x421;&#x43E;&#x441;&#x442;. &#x421;. &#x417;&#x43E;&#x43B;&#x43E;&#x442;&#x446;&#x435;&#x432;]</subfield>
  </datafield>
  <datafield tag="210" ind1=" " ind2=" ">
    <subfield code="d">1990</subfield>
    <subfield code="a">&#x411;. &#x43C;.</subfield>
  </datafield>
  <datafield tag="215" ind1=" " ind2=" ">
    <subfield code="a">77, [2] &#x441;.</subfield>
    <subfield code="c">&#x438;&#x43B;.</subfield>
  </datafield>
  <datafield tag="225" ind1="1" ind2=" ">
    <subfield code="a">...</subfield>
    <subfield code="v">&#x2116; 26 (441)</subfield>
  </datafield>
  <datafield tag="461" ind1=" " ind2="0">
    <subfield code="1">001rc\517984</subfield>
    <subfield code="1">2001#$a&#x41E;&#x441;&#x43C;&#x44B;&#x441;&#x43B;&#x435;&#x43D;&#x438;&#x435;$e&#x421;&#x431;. &#x43B;&#x438;&#x442;.-&#x43A;&#x440;&#x438;&#x442;&#x438;&#x447;. &#x441;&#x442;.$f[&#x421;&#x43E;&#x441;&#x442;. &#x412;. &#x41A;&#x430;&#x440;&#x43F;&#x435;&#x446;]$v&#x412;&#x44B;&#x43F;. 3</subfield>
    <subfield code="9">5448093</subfield>
    <subfield code="c">&#x41C;.</subfield>
    <subfield code="d">1988-</subfield>
    <subfield code="f">[&#x421;&#x43E;&#x441;&#x442;. &#x412;. &#x41A;&#x430;&#x440;&#x43F;&#x435;&#x446;]</subfield>
    <subfield code="n">&#x41C;&#x43E;&#x43B;. &#x433;&#x432;&#x430;&#x440;&#x434;&#x438;&#x44F;</subfield>
    <subfield code="o">&#x421;&#x431;. &#x43B;&#x438;&#x442;.-&#x43A;&#x440;&#x438;&#x442;&#x438;&#x447;. &#x441;&#x442;.</subfield>
    <subfield code="t">&#x41E;&#x441;&#x43C;&#x44B;&#x441;&#x43B;&#x435;&#x43D;&#x438;&#x435;</subfield>
    <subfield code="v">&#x412;&#x44B;&#x43F;. 3</subfield>
  </datafield>
  <datafield tag="702" ind1=" " ind2="1">
    <subfield code="a">&#x417;&#x43E;&#x43B;&#x43E;&#x442;&#x446;&#x435;&#x432;</subfield>
    <subfield code="b">&#x421;.</subfield>
    <subfield code="g">&#x421;&#x442;&#x430;&#x43D;&#x438;&#x441;&#x43B;&#x430;&#x432;</subfield>
    <subfield code="4">220</subfield>
  </datafield>
  <datafield tag="801" ind1=" " ind2="0">
    <subfield code="a">RU</subfield>
    <subfield code="b">NLR</subfield>
    <subfield code="g">psbo</subfield>
  </datafield>
  <datafield tag="801" ind1=" " ind2="1">
    <subfield code="a">RU</subfield>
    <subfield code="b">ELAR</subfield>
    <subfield code="2">rusmarc</subfield>
  </datafield>
  <datafield tag="852" ind1=" " ind2=" ">
    <subfield code="a">NLR</subfield>
    <subfield code="j">88-2/1379</subfield>
  </datafield>
  <datafield tag="942" ind1=" " ind2=" ">
    <subfield code="c">BOOK</subfield>
  </datafield>
  <datafield tag="980" ind1=" " ind2=" ">
    <subfield code="a">NB</subfield>
  </datafield>
  <datafield tag="995" ind1=" " ind2=" ">
    <subfield code="5">2013-10-26</subfield>
    <subfield code="b">NLR01</subfield>
    <subfield code="c">NLR01</subfield>
    <subfield code="e">RF9</subfield>
    <subfield code="f">5817794-10</subfield>
    <subfield code="k">88-2/1379</subfield>
    <subfield code="o">0</subfield>
    <subfield code="r">BOOK</subfield>
    <subfield code="s">8821379_</subfield>
  </datafield>
</record>
